MARC

LEADER 00000nam0a2200000 4500
001 297463
005 20231102001018.0
020 |a RU  |b 83-33762 
035 |a (RuTPU)RU\TPU\book\322596 
090 |a 297463 
100 |a 20150608d1983 k y0rusy5003 ca 
101 0 |a rus 
102 |a RU 
105 |a a z 001zy 
200 1 |a Проектирование систем искусственного восполнения подземных вод для водоснабжения  |f Н. А. Плотников 
210 |a Москва  |c Стройиздат  |d 1983 
215 |a 231 с.  |c ил. 
320 |a Библиогр.: с. 227-228 
606 1 |a Воды подземные  |x Пополнение запасов, искусственное  |2 stltpush  |3 (RuTPU)RU\TPU\subj\3181  |9 31635 
606 1 |a Водозаборные сооружения  |x Проектирование  |2 stltpush  |3 (RuTPU)RU\TPU\subj\2825  |9 31335 
610 1 |a прикладная гидродинамика 
610 1 |a водоснабжение 
610 1 |a искусственное восполнение 
610 1 |a инфильтрационные сооружения 
610 1 |a гидродинамические расчеты 
610 1 |a водозаборы 
610 1 |a техническое обслуживание 
610 1 |a санитарная охрана 
610 1 |a экономический анализ 
610 1 |a рационализация 
610 1 |a эксплуатация 
610 1 |a скважины 
610 1 |a водоподъемники 
675 |a 556.332.63  |v 4 
675 |a 628.11  |v 4 
700 1 |a Плотников  |b Н. А.  |g Николай Алексеевич 
801 0 |a RU  |b RuMRKP  |c 19950704  |g psbo 
801 1 |a RU  |b 63413507  |c 20150608 
801 2 |a RU  |b 63413507  |c 20170726  |g RCR 
942 |c BK